000
00191 a2200097 4500
020
_a
97800373777020
041
_a
eng
100
_a
Mallery, susan
245
2
_a
A fools gold christmas
942
_c
BK
999
_c
199
_d
199